000 00726nam a2200217Ia 4500
005 20241129105931.0
008 241129s9999||||xx |||||||||||||| ||und||
020 _a978-93-92757-13-6
037 _aTB
040 _aARTS
_bhin
_cARTS
041 _ahin
_2hin
084 _aW:5 152R2
_qARTS
100 _aभाषा सिंह, ले.
245 0 _aशाहीन बाग़: लोतंत्र की नई करवट
_cभाषा सिंह, ले.
260 _aनई दिल्ली, भारत
_bराजकमल प्रकाशन
_c2000
300 _a230पृ0
365 _aINR
_b250
650 _aPolitical Science
942 _cTB
_hW:5 152R2
999 _c1226649
_d1226649